<?xml version="1.0" encoding="UTF-8"?>
<record
    xmlns:xsi="http://www.w3.org/2001/XMLSchema-instance"
    xsi:schemaLocation="http://www.loc.gov/MARC21/slim http://www.loc.gov/standards/marcxml/schema/MARC21slim.xsd"
    xmlns="http://www.loc.gov/MARC21/slim">

  <leader>01160nam a22002297a 4500</leader>
  <datafield tag="952" ind1=" " ind2=" ">
    <subfield code="0">0</subfield>
    <subfield code="1">0</subfield>
    <subfield code="2">lcc</subfield>
    <subfield code="4">0</subfield>
    <subfield code="7">0</subfield>
    <subfield code="a">20</subfield>
    <subfield code="b">20</subfield>
    <subfield code="d">2015-09-17</subfield>
    <subfield code="l">0</subfield>
    <subfield code="o">HM134 L45</subfield>
    <subfield code="p">20 002664</subfield>
    <subfield code="r">2015-09-17</subfield>
    <subfield code="t">1</subfield>
    <subfield code="w">2015-09-17</subfield>
    <subfield code="y">LB</subfield>
  </datafield>
  <datafield tag="999" ind1=" " ind2=" ">
    <subfield code="c">98076</subfield>
    <subfield code="d">98076</subfield>
  </datafield>
  <controlfield tag="005">20231102151851.0</controlfield>
  <controlfield tag="008">150917b1992    xxu||||| |||| 00| 0 spa d</controlfield>
  <datafield tag="020" ind1=" " ind2=" ">
    <subfield code="a">9586530248</subfield>
  </datafield>
  <datafield tag="050" ind1=" " ind2=" ">
    <subfield code="a">HM134</subfield>
    <subfield code="b">L45</subfield>
  </datafield>
  <datafield tag="100" ind1=" " ind2=" ">
    <subfield code="a">Leigh, David</subfield>
    <subfield code="e"> , autor</subfield>
  </datafield>
  <datafield tag="245" ind1=" " ind2=" ">
    <subfield code="a">Como entrenar un grupo eficiente</subfield>
    <subfield code="b"> : M&#xE9;todos pr&#xE1;cticos</subfield>
    <subfield code="c"> / David Leigh</subfield>
  </datafield>
  <datafield tag="260" ind1=" " ind2=" ">
    <subfield code="a">Colombia</subfield>
    <subfield code="b"> : LEGIS</subfield>
    <subfield code="c"> , 1992</subfield>
  </datafield>
  <datafield tag="300" ind1=" " ind2=" ">
    <subfield code="a">xv, 197 p&#xE1;ginas</subfield>
  </datafield>
  <datafield tag="504" ind1=" " ind2=" ">
    <subfield code="a">Incluye:
Tabla de contenido
pr&#xF3;logo
Prefacio
Lecturas adicionales (p&#xE1;gina 197)</subfield>
  </datafield>
  <datafield tag="505" ind1=" " ind2=" ">
    <subfield code="a">Introducci&#xF3;n al proceso de entrenamiento
Fijaci&#xF3;n de objetivos
Desarrollar un plan de estudio
El ambiente del entrenameinto
M&#xE9;todos de capacitaci&#xF3;n
Habilidades para expresarse y ense&#xF1;ar
Preguntas y respuestas
Manejar gente problema
Crear afinidad
Utilizar la voz
Comunicaci&#xF3;n no verbal
Manejar el estr&#xE9;s
Apoyo visual
Evaluaci&#xF3;n del entrenameinto
Listas de verificaci&#xF3;n</subfield>
  </datafield>
  <datafield tag="519" ind1=" " ind2=" ">
    <subfield code="a">Material Complementario / </subfield>
    <subfield code="b">Pedagog&#xED;a / </subfield>
    <subfield code="d">(20 002664)</subfield>
  </datafield>
  <datafield tag="650" ind1=" " ind2="0">
    <subfield code="a">PROCESO DE ENTRENAMIENTO</subfield>
  </datafield>
  <datafield tag="650" ind1=" " ind2="0">
    <subfield code="a">PLAN DE ESTUDIO</subfield>
  </datafield>
  <datafield tag="650" ind1=" " ind2="0">
    <subfield code="a">CAPACITACI&#xD3;N</subfield>
  </datafield>
  <datafield tag="942" ind1=" " ind2=" ">
    <subfield code="c">LB</subfield>
  </datafield>
</record>
